| 000 | 00741nam a22002291 4500 | ||
|---|---|---|---|
| 001 | sa 68002988 | ||
| 003 | DLC | ||
| 005 | 20260227112448.0 | ||
| 008 | 710903s1964 ii abh b 00000 eng | ||
| 010 | _asa 68002988 | ||
| 025 | _aPL480:I-E-9557 | ||
| 050 | 0 |
_aPK1706 _b.C5 |
|
| 100 | 1 | 0 | _aChakravartti, Ajay Kumar. |
| 245 | 1 | 0 | _aLiterature in Kāmatā Kochbihār Raj-Darbār, from fourteenth to eighteenth century. |
| 250 | _a[1st ed.] | ||
| 260 | 0 |
_aDhubri, _bAssam _c[1964] |
|
| 300 |
_axi, [2], 137 p. _billus., facsims., maps. _c23 cm. |
||
| 350 | _aRs10 | ||
| 500 | _a"Thesis for the D. PHIL. degree of the Calcutta University." | ||
| 504 | _aBibliography: p. [vi]-[xii] | ||
| 650 | 0 |
_aBengali literature _xHistory and criticism. |
|
| 999 |
_c79146 _d79146 |
||